000 00633nam a2200205Ia 4500
008 131103s9999 xx 000 0 und d
040 _aLoreto College
041 _aEnglish
082 _a944.02/MAR
_bLCLIB/15834
100 _aMarkham, Violet R
245 _aRomanesque France
_b Studies in the archaeology and history of the 12th century
_cViolet R Markham
250 _a1st ed.
260 _aLondon
_bJohn Murray
_c1929
300 _axvii,521p.
_b ill. maps
_c 21cm.
504 _aIncludes bibliographical references & index
650 _aHistory
651 _aFrench - History
850 _aLCLIB/944.02/MAR
942 _cBK
999 _c25104
_d75583